| 000 | 01147cam a22003137a 4500 | ||
|---|---|---|---|
| 003 | CHAP | ||
| 005 | 20220817041839.0 | ||
| 008 | 971013s1976 r 00010 d | ||
| 010 | _a26412 | ||
| 011 | _a27384 | ||
| 035 | _a31485 | ||
| 040 | _cCHAP | ||
| 082 |
_a338.972 _bI7 |
||
| 100 | 0 | 0 |
_aIracheta Cenecorta, Alfonso X. _960322 |
| 245 | 1 | 3 |
_aLa investigación sobre desarrollo regional y urbano en México _b: encuesta sobre los trabajos en curso durante el segundo semestre de 1975 |
| 260 |
_aMéxico, D.F. : _bUniversidad Autónoma Metropolitana. Unidad Azcapotzalco, _c1976 |
||
| 300 | _a156 p | ||
| 590 |
_aBATCH-UPD _b10 _c20130110 _lUCH01 _h0139 |
||
| 590 |
_aBATCH-UPD _b10 _c20130110 _lUCH01 _h1642 |
||
| 590 |
_aBATCH-UPD _b10 _c20130410 _lUCH01 _h1033 |
||
| 590 |
_aBATCH-UPD _b10 _c20130914 _lUCH01 _h0943 |
||
| 590 |
_aCONVERSION _b10 _c20130109 _lUCH01 _h1315 |
||
| 650 | 1 | 4 |
_aCiudades y pueblos _xAguascalientes. _923508 |
| 650 | 1 | 4 |
_aMéxico _xCondiciones económicas. |
| 700 | 0 |
_aTorres A., Federico. _9114033 |
|
| 901 | _aBK | ||
| 942 | _cLIBRO | ||
| 949 |
_a338.972 I7 _bBC _cLIBRO _d33724000435749 _eLIBRO _h60879 _i31485 _mD _si _t80.00 |
||
| 999 |
_c26412 _d26412 |
||